Data structures and algorithms in python (Record no. 360755)

MARC details
000 -LEADER
fixed length control field 00569 a2200205 4500
005 - DATE & TIME
control field 20250130105605.0
008 - FIXED-LENGTH DATA ELEMENTS--GENERAL INFORMATION
fixed length control field 250130b |||||||| |||| 00| 0 eng d
020 ## - ISBN
International Standard Book Number 9789360539641
Price Rs. 800.00
040 ## - CATALOGING SOURCE
Original cataloging agency VIVEKANANDA LIBRARY
082 ## - DDC NUMBER
Classification number 005.133
Book Number D835D
100 ## - MAIN ENTRY--PERSONAL NAME
Personal name Drozdek, Adam
110 ## - MAIN ENTRY--CORPORATE NAME
Corporate name Drozdek, Adam
245 ## - TITLE STATEMENT
Title Data structures and algorithms in python
260 ## - PUBLICATION, DISTRIBUTION, ETC. (IMPRINT)
Name of publisher, distributor, etc Cengage Learning India
Place of publication, distribution, etc Delhi
Date of publication, distribution, etc 2024
300 ## - PHYSICAL DESCRIPTION
Pages xix, 729
650 ## - Subject
Subject Computer Science
650 ## - Subject
Subject Data Structures
650 ## - Subject
Subject Python (Computer programming language)
942 ## - ADDED ENTRY ELEMENTS (KOHA)
Koha item type Books
Holdings
Withdrawn status Lost status Source of classification or shelving scheme Damaged status Not for loan Location (home branch) Sublocation or collection (holding branch) Shelving location Date acquired Koha issues (times borrowed) Koha full call number Accession No. Koha date last seen Koha item type
    Dewey Decimal Classification     VIVEKANANDA LIBRARY VIVEKANANDA LIBRARY Vivekananda Library 20/01/2025   005.133 D835D 436956 20/01/2025 Books
    Dewey Decimal Classification     VIVEKANANDA LIBRARY VIVEKANANDA LIBRARY Vivekananda Library 20/01/2025   005.133 D835D 436960 20/01/2025 Books
    Dewey Decimal Classification     VIVEKANANDA LIBRARY VIVEKANANDA LIBRARY Vivekananda Library 20/01/2025 1 005.133 D835D 436959 29/05/2025 Books
    Dewey Decimal Classification     VIVEKANANDA LIBRARY VIVEKANANDA LIBRARY Vivekananda Library 20/01/2025 1 005.133 D835D 436958 20/03/2025 Books
    Dewey Decimal Classification     VIVEKANANDA LIBRARY VIVEKANANDA LIBRARY Vivekananda Library 20/01/2025 3 005.133 D835D 436957 16/12/2025 Books
© Designed and Maintained by Vivekananda Library, MDU Rohtak